000 00419nam a2200169Ia 4500
005 20250508160439.0
008 008 250505s9999 xx 000 0 eng d
037 _aTextual
040 _aFEDL
_beng
_cFEDL
041 _aeng
_2eng
084 _aB, BES
_qFEDL
100 _aAiyar C P Ramaswami
_9765552
245 0 _aAnnie Besant
300 _a152p.
942 _cTEXL
_hB, BES
999 _c1364652
_d1364652